00621nam a2200205 4500003001100000005001700011008004100028020001500069040003900084041000800123082001600131100002400147245004300171260004500214650002400259650002000283942000700303952009000310999001500400LK-CoMWRAF20230905152518.0230905b1994 |||||||| |||| 00| 0 eng d a8172242875 aLK-CoMWRAFdLK-CoMWRAFeLK-CoMWRAF aeng a954.03bCHA aChaudhuri, Nirad C. aThe Autobiography of an unknown Indian aBombe :bJaico publishing house, c1994 aIndia -- Biography  aAutobiographies cBK 00104070aMAINbMAINd2023-09-05l0o954.03 CHApRAF841r2023-09-05w2023-09-05yBK c3413d3413